Integral Review (Запис № 418527)

МАРК-запис
000 -Лідер
fixed length control field 01171nam a22002537a 4500
003 - Ідентифікатор контрольного номера
control field UA-OsUOA
001 - Контрольний номер
control field 130499
007 - Фіксоване поле фізичного опису
fixed length control field ta
008 - Елементи даних фіксованої довжини – загальна інформація
fixed length control field 20180504b un ||||| |||| 00| 0 ukr d
090 ## - Локальний шифр розміщення
Авторський знак (НП) I-78
040 ## - Джерело каталогізації
Агенція оригінальної каталогізації UA-OsUOA
Мова каталогізації eng
Агенція, яка здійснювала перезапис UA-OsUOA
Агенція, яка здійснювала модифікацію UA-OsUOA
041 ## - Код мови
Код мови тексту/ звукової доріжки чи окремого заголовка (П) eng
022 ## - Міжнародний стандартний серіальний номер (ISSN)
Міжнародний стандартний серіальний номер (ISSN) 1553-3069
245 ## - Відомості про назву
Назва (НП) Integral Review
Решта назви (НП) IR publishes a transdisciplinary and transcultural range of works that, taken as a whole, model integral ways of perceiving, thinking, researching, and serving the world we live in.
Дані про відповідальність (НП) The editor Jonathan Reams
260 ## - Публікація, розповсюдження і т.п. (Вихідні дані)
Дата публікації, розповсюдження і т.п. (П) 2017
246 31 - Інша форма назви
Назва (НП) A Transdisciplinary and Transcultural Journal For New Thought, Research, and Praxis
Номер частини/ розділ роботи (П) 1
520 3# - Резюме і т.п.
Резюме, реферат, анотація, тощо (НП) INTEGRAL REVIEW (IR) is an online, open access, peer-reviewed journal publishing a transdisciplinary and transcultural range of works that, taken as a whole, model integral ways of perceiving, thinking, researching, and serving the world we live in. Y
520 3# - Резюме і т.п.
Резюме, реферат, анотація, тощо (НП) ou can read more about us in the About and Submissions menus.
650 #7 - Додаткове предметне введення – тематичний термін
Джерело заголовка чи терміна UDC
773 0# - Введення хост-одиниці (П)
Контрольний номер запису (П) 130496
Назва (НП) Integral Review
Місце, видавець та дата видання (НП) 1
856 40 - Електронне місцезнаходження та доступ
Уніфікований ідентифікатор ресурсу (П) http://integral-review.org/current_issue/vol-13-no-1-jul-2017/
942 ## - Додаткові елементи входу (Коха)
Тип елемента Koha Номер журналу
955 ## - Код типу видання за змістом
Код типу видання за змістом (НП) Наукові видання

Немає доступних примірників.